[Event "Dzhubga Rapid op"]
[Site "Dzhubga"]
[Date "2023.08.12"]
[Round "10"]
[White "Solovyev, Artem"]
[Black "Vastrukhin, Oleg"]
[Result "1-0"]
[WhiteElo "2155"]
[BlackElo "2343"]
[PlyCount "63"]
[EventDate "2023.08.10"]
[EventType "swiss (rapid)"]
[EventRounds "11"]
[EventCountry "RUS"]
[SourceTitle "CBM 215 Extra"]
[Source "ChessBase"]
[SourceDate "2023.09.30"]
[SourceVersion "1"]
[SourceVersionDate "2023.09.30"]
[SourceQuality "1"]

1. Nf3 d5 2. d4 Nf6 3. c4 e6 4. Nc3 Be7 5. Bg5 0-0 6. e3 h6 7. Bh4 b6 8. Rc1 Bb7 9. a3 Nbd7 10. Bd3 c5 11. 0-0 cxd4 12. exd4 dxc4 13. Bxc4 Rc8 14. Ba2 Ne4 15. Bxe7 Qxe7 16. Nxe4 Bxe4 17. Qe2 Nf6 18. Bb1 Bxf3 19. Qxf3 Qd6 20. Qe3 Rfd8 21. h3 g5 22. Rxc8 Rxc8 23. f4 Nd5 24. Qd3 f5 25. Ba2 Nxf4 26. Rxf4 gxf4 27. Qxf5 Qxd4+ 28. Kh2 Rf8 29. Qxe6+ Kh7 30. Bb1+ Kh8 31. Qxh6+ Kg8 32. Qh7# 1-0

[Event "EU-ch Online U2300 Qual"]
[Site "Chess.com INT"]
[Date "2020.05.25"]
[Round "4"]
[White "Berin, Artem"]
[Black "Solovyev, Artem"]
[Result "1-0"]
[WhiteElo "1881"]
[BlackElo "2155"]
[PlyCount "105"]
[EventDate "2020.05.25"]
[EventType "swiss"]
[EventRounds "8"]
[EventCountry "NET"]
[SourceTitle "EXT 2021"]
[Source "ChessBase"]
[SourceDate "2020.10.23"]
[SourceVersion "1"]
[SourceVersionDate "2020.10.23"]
[SourceQuality "1"]

1. d4 d5 2. c4 dxc4 3. Nc3 e5 4. d5 c6 5. e4 Nf6 6. Bxc4 b5 7. Bb3 b4 8. Nce2 Nxe4 9. Nf3 Bc5 10. 0-0 Qf6 11. dxc6 0-0 12. Bd5 Bf5 13. c7 Nc6 14. Qa4 Nxf2 15. Qxc6 Nd3+ 16. Kh1 Rac8 17. Qxf6 gxf6 18. h3 Rxc7 19. Bh6 Rd8 20. Bb3 Be4 21. Ng3 Bg6 22. Nh4 Rd6 23. Ngf5 Rdd7 24. Rf3 Nf2+ 25. Kh2 Ne4 26. Re1 Ng5 27. Bxg5 fxg5 28. Nxg6 hxg6 29. Nh6+ Kg7 30. Ng4 Re7 31. Kh1 e4 32. Rf6 Bd4 33. Ra6 f5 34. Ne3 Bxe3 35. Rxe3 f4 36. Re1 e3 37. Rd6 Kh6 38. Kg1 Re5 39. Bd1 Rc1 40. Kf1 Rec5 41. Bb3 Rc6 42. Rxc6 Rxc6 43. Ke2 Kh5 44. Kf3 a5 45. Rd1 Kh6 46. Re1 Rd6 47. Rd1 Rc6 48. Ba4 Rc5 49. g3 Rf5 50. gxf4 gxf4 51. Bc2 Rf6 52. h4 Kh5 53. Rg1 1-0

[Event "EU-ch Online U2300 Qual"]
[Site "Chess.com INT"]
[Date "2020.05.25"]
[Round "2"]
[White "Nilssen, Ellen Fredericia"]
[Black "Solovyev, Artem"]
[Result "0-1"]
[WhiteElo "2071"]
[BlackElo "2155"]
[PlyCount "216"]
[EventDate "2020.05.25"]
[EventType "swiss"]
[EventRounds "8"]
[EventCountry "NET"]
[SourceTitle "EXT 2021"]
[Source "ChessBase"]
[SourceDate "2020.10.23"]
[SourceVersion "1"]
[SourceVersionDate "2020.10.23"]
[SourceQuality "1"]

1. d4 d5 2. c4 e6 3. Nc3 Nf6 4. cxd5 exd5 5. Bg5 c6 6. e3 Be7 7. Bd3 Nbd7 8. Qc2 Nf8 9. Nf3 g6 10. h3 Ne6 11. Bh4 Ng7 12. 0-0 Bf5 13. a3 0-0 14. b4 Rc8 15. g4 Bxd3 16. Qxd3 Ne4 17. Bxe7 Qxe7 18. Nd2 Rce8 19. Ndxe4 dxe4 20. Qc4 h5 21. Qc5 Qh4 22. Qd6 Qxh3 23. gxh5 Nxh5 24. Qh2 Qg4+ 25. Qg2 Qe6 26. Rad1 Nf6 27. Qg5 Kg7 28. d5 Qe5 29. Qxe5 Rxe5 30. f4 exf3 31. Rxf3 Nxd5 32. Nxd5 Rxd5 33. Rc1 Re8 34. Rc3 Rd2 35. b5 Re6 36. a4 f5 37. Rb3 c5 38. a5 b6 39. axb6 axb6 40. Rf4 Re2 41. Rf3 Rd6 42. Kf1 Rc2 43. Ke1 Kf6 44. Rh3 Ke5 45. Rh8 c4 46. Ra3 c3 47. Re8+ Kd5 48. Rc8 Ke4 49. Rcxc3 Rxc3 50. Rxc3 Rd5 51. Rb3 g5 52. Ke2 g4 53. Rb1 Rc5 54. Rb4+ Ke5 55. Rb2 Kd5 56. Kf2 Kc4 57. Kg3 Rxb5 58. Rc2+ Kd3 59. Rc8 Kxe3 60. Re8+ Kd3 61. Kf4 Rd5 62. Re1 b5 63. Rd1+ Kc4 64. Rc1+ Kd4 65. Rd1+ Kc5 66. Rc1+ Kd6 67. Rb1 Kc6 68. Rc1+ Rc5 69. Rb1 b4 70. Rxb4 Kd5 71. Rb1 Ke6 72. Rb6+ Kf7 73. Rd6 Kg7 74. Ra6 Rb5 75. Rc6 Rd5 76. Rb6 Kf7 77. Ra6 Ke7 78. Rb6 Rd6 79. Rb5 Rf6 80. Rb7+ Ke6 81. Rb6+ Kf7 82. Rb7+ Kg6 83. Rb5 Rc6 84. Rb4 Rd6 85. Ra4 Re6 86. Ra5 Re4+ 87. Kg3 Kg5 88. Rb5 Re3+ 89. Kf2 Rf3+ 90. Kg2 Ra3 91. Rc5 Re3 92. Rb5 Kf4 93. Rb4+ Re4 94. Rb5 Re2+ 95. Kf1 Rd2 96. Rb4+ Kg3 97. Rb3+ Kh4 98. Rb5 f4 99. Rb3 g3 100. Rb8 Kg4 101. Rb3 g2+ 102. Kg1 Re2 103. Rb8 f3 104. Rg8+ Kf4 105. Rf8+ Ke3 106. Re8+ Kd2 107. Rf8 Re1+ 108. Kf2 g1Q+ 0-1

[Event "Sochi Amateur op 6th"]
[Site "Sochi"]
[Date "2019.04.08"]
[Round "2"]
[White "Solovyev, Artem"]
[Black "Martinovici, Ilie"]
[Result "1/2-1/2"]
[WhiteElo "2155"]
[BlackElo "2378"]
[PlyCount "73"]
[EventDate "2019.04.07"]
[EventType "swiss"]
[EventRounds "9"]
[EventCountry "RUS"]
[SourceTitle "CBM 189 Extra"]
[Source "ChessBase"]
[SourceDate "2019.05.31"]
[SourceVersion "1"]
[SourceVersionDate "2019.05.31"]
[SourceQuality "1"]

1. e4 e5 2. Nf3 Nc6 3. Bb5 a6 4. Ba4 Nf6 5. d3 b5 6. Bb3 Bc5 7. c3 0-0 8. 0-0 Bb6 9. a4 Bb7 10. axb5 axb5 11. Rxa8 Qxa8 12. Na3 Ba6 13. Bg5 Qd8 14. Nc2 d6 15. Ne3 Bxe3 16. fxe3 Nb8 17. Nh4 Nbd7 18. Nf5 h6 19. Nxh6+ gxh6 20. Bxh6 Kh7 21. Bxf8 Qxf8 22. Qa1 Bc8 23. Qa5 Qh6 24. Rf3 Nb6 25. h3 Qh4 26. Qxb5 Bg4 27. Rf2 Qg5 28. hxg4 Qxe3 29. Bd1 Qe1+ 30. Rf1 Qe3+ 31. Kh2 Qh6+ 32. Kg3 Qe3+ 33. Bf3 Qf4+ 34. Kf2 Qd2+ 35. Be2 Nxg4+ 36. Kg3 Qxe2 37. Rxf7+ 1/2-1/2

[Event "Yuzhny op"]
[Site "Yuzhny"]
[Date "2011.09.07"]
[Round "7"]
[White "Solovyev, Artem"]
[Black "Bondar, Wladimir"]
[Result "1-0"]
[WhiteElo "2193"]
[BlackElo "2089"]
[PlyCount "77"]
[EventDate "2011.09.03"]
[EventType "swiss"]
[EventRounds "9"]
[EventCountry "UKR"]
[SourceTitle "CBM 144 Extra"]
[Source "ChessBase"]
[SourceDate "2011.10.28"]
[SourceVersion "1"]
[SourceVersionDate "2011.10.28"]
[SourceQuality "1"]

1. c4 e5 2. g3 d6 3. Bg2 Nc6 4. Nc3 Be6 5. Nd5 g6 6. d3 Bg7 7. e4 Nd4 8. Be3 c5 9. h3 Ne7 10. Ne2 Nxe2 11. Qxe2 0-0 12. 0-0 Qd7 13. Nxe7+ Qxe7 14. Rab1 Qd7 15. Kh2 a5 16. b3 b5 17. f4 Rac8 18. f5 gxf5 19. exf5 Bxf5 20. cxb5 Be6 21. a4 f5 22. Bd2 Qf7 23. Bxa5 Bxb3 24. g4 f4 25. b6 Bd5 26. Bxd5 Qxd5 27. Bd2 c4 28. dxc4 Rxc4 29. Rb5 Qc6 30. Qf3 d5 31. Qb3 Qb7 32. a5 e4 33. a6 Qb8 34. a7 Qe5 35. Be1 Rfc8 36. b7 f3+ 37. Bg3 Rc2+ 38. Qxc2 Rxc2+ 39. Kh1 1-0

[Event "Yuzhny op"]
[Site "Yuzhny"]
[Date "2011.09.06"]
[Round "6"]
[White "Gubanov, Oleg"]
[Black "Solovyev, Artem"]
[Result "1-0"]
[WhiteElo "2361"]
[BlackElo "2193"]
[PlyCount "75"]
[EventDate "2011.09.03"]
[EventType "swiss"]
[EventRounds "9"]
[EventCountry "UKR"]
[SourceTitle "CBM 144 Extra"]
[Source "ChessBase"]
[SourceDate "2011.10.28"]
[SourceVersion "1"]
[SourceVersionDate "2011.10.28"]
[SourceQuality "1"]

1. e4 c5 2. Nf3 d6 3. Bb5+ Nd7 4. c3 Ngf6 5. Qe2 a6 6. Ba4 b5 7. Bc2 e5 8. 0-0 Be7 9. a4 Rb8 10. d4 0-0 11. Nbd2 Re8 12. Rd1 Bf8 13. dxe5 dxe5 14. axb5 axb5 15. Nf1 h6 16. Ne3 Qc7 17. c4 bxc4 18. Nd2 Nb6 19. Ndxc4 Nxc4 20. Nxc4 Be6 21. Bd2 Bxc4 22. Qxc4 Rxb2 23. Ba5 Qb7 24. Ba4 Ra8 25. Bc3 Rb6 26. f3 Qa6 27. Bb3 Qxc4 28. Bxc4 Rxa1 29. Rxa1 Nd7 30. Ra7 Rd6 31. Kf2 Nb6 32. Bxf7+ Kh7 33. Bxe5 Rd7 34. Rxd7 Nxd7 35. Bc7 g5 36. e5 Be7 37. Ke3 Kg7 38. Bc4 1-0

[Event "Yuzhny op"]
[Site "Yuzhny"]
[Date "2011.09.05"]
[Round "4"]
[White "Firman, Nazar"]
[Black "Solovyev, Artem"]
[Result "1-0"]
[WhiteElo "2517"]
[BlackElo "2193"]
[PlyCount "83"]
[EventDate "2011.09.03"]
[EventType "swiss"]
[EventRounds "9"]
[EventCountry "UKR"]
[SourceTitle "CBM 144 Extra"]
[Source "ChessBase"]
[SourceDate "2011.10.28"]
[SourceVersion "1"]
[SourceVersionDate "2011.10.28"]
[SourceQuality "1"]

1. e4 e5 2. Nf3 Nc6 3. Bb5 a6 4. Ba4 Nf6 5. 0-0 Be7 6. Re1 b5 7. Bb3 d6 8. c3 0-0 9. h3 Nd7 10. a4 Bb7 11. d4 Bf6 12. d5 Ne7 13. Na3 bxa4 14. Bxa4 Ng6 15. g3 Nb6 16. Bc2 Bc8 17. Kg2 h5 18. Nh2 h4 19. Qh5 Qe8 20. Nf3 Nd7 21. Nc4 Bd8 22. Ng5 Bxg5 23. Qxg5 f6 24. Qd2 hxg3 25. fxg3 Kf7 26. Qf2 Rh8 27. Rh1 Qg8 28. b4 Qh7 29. h4 Ne7 30. Be3 f5 31. Bg5 Nf6 32. Ne3 Rf8 33. Bxf6 gxf6 34. exf5 Rg8 35. Qf3 Qh6 36. Kf2 Bb7 37. Be4 Rg7 38. c4 Rgg8 39. c5 dxc5 40. bxc5 Rgb8 41. Rhb1 Ng8 42. Ra2 1-0

[Event "Yuzhny op"]
[Site "Yuzhny"]
[Date "2011.09.03"]
[Round "1"]
[White "Solovyev, Artem"]
[Black "Shtanko, Boris"]
[Result "1-0"]
[WhiteElo "2193"]
[BlackElo "1764"]
[PlyCount "89"]
[EventDate "2011.09.03"]
[EventType "swiss"]
[EventRounds "9"]
[EventCountry "UKR"]
[SourceTitle "CBM 144 Extra"]
[Source "ChessBase"]
[SourceDate "2011.10.28"]
[SourceVersion "1"]
[SourceVersionDate "2011.10.28"]
[SourceQuality "1"]

1. e4 e6 2. d4 d5 3. e5 c5 4. c3 Nc6 5. Nf3 Nge7 6. a3 cxd4 7. cxd4 Nf5 8. b4 Qb6 9. Be3 a5 10. b5 Na7 11. Nc3 Bd7 12. Na4 Qd8 13. Qb3 b6 14. Bg5 f6 15. exf6 gxf6 16. Bf4 Rc8 17. Bd3 Bd6 18. Bd2 Ng7 19. Bh6 Bf8 20. 0-0 Kf7 21. Rfe1 Ne8 22. Bxf8 Kxf8 23. Qb1 h6 24. Nh4 Rg8 25. Qd1 f5 26. Qh5 Qg5 27. Qxg5 hxg5 28. Nxb6 gxh4 29. Nxd7+ Ke7 30. Nc5 Ng7 31. Nxe6 Nxe6 32. Bxf5 Rce8 33. Rxe6+ Kf7 34. Ra6 Nxb5 35. Bd7 Nxd4 36. Bxe8+ Rxe8 37. Rxa5 Nb3 38. Ra7+ Kf6 39. Rd1 Re2 40. Kf1 Re5 41. Rh7 Kg5 42. g3 hxg3 43. hxg3 Kg6 44. Rd7 d4 45. Rb7 1-0

[Event "Geller Memorial op-A 7th"]
[Site "Odessa"]
[Date "2011.08.28"]
[Round "9"]
[White "Muhtarov, Leonid"]
[Black "Solovyev, Artem"]
[Result "1-0"]
[WhiteElo "2133"]
[BlackElo "2136"]
[PlyCount "89"]
[EventDate "2011.08.20"]
[EventType "swiss"]
[EventRounds "9"]
[EventCountry "UKR"]
[SourceTitle "EXT 2014"]
[Source "ChessBase"]
[SourceDate "2013.11.20"]
[SourceVersion "1"]
[SourceVersionDate "2013.11.20"]
[SourceQuality "1"]

1. Nf3 Nf6 2. g3 g6 3. Bg2 Bg7 4. 0-0 0-0 5. d3 d5 6. Nbd2 Nbd7 7. e4 c6 8. Qe2 dxe4 9. dxe4 Nc5 10. a4 Qb6 11. a5 Qa6 12. Qe3 Ne6 13. Re1 Qb5 14. e5 Ng4 15. Qe4 Nc7 16. c4 Qc5 17. Qe2 Be6 18. h3 Nh6 19. b3 f5 20. Ba3 Qxa5 21. Bxe7 Qb6 22. Bxf8 Bxf8 23. Ng5 Nf7 24. Ndf3 Be7 25. Nxf7 Kxf7 26. Qe3 Qxe3 27. Rxe3 Na6 28. Rd1 Nb4 29. Re2 a5 30. Rd6 a4 31. Nd4 Bc8 32. bxa4 Rxa4 33. Kh2 Na6 34. Nxc6 bxc6 35. Bxc6 Ra5 36. Bd5+ Ke8 37. Rc6 Bb7 38. Rb6 Bc8 39. Reb2 Nc5 40. Rc6 Bb7 41. Rxc5 Bxc5 42. Bxb7 Bd4 43. Bc6+ Ke7 44. Rb7+ Ke6 45. f4 1-0

[Event "Geller Memorial op-B 7th"]
[Site "Odessa"]
[Date "2011.08.28"]
[Round "9"]
[White "Protsiuk, Svetlana"]
[Black "Solovyev, Artem"]
[Result "0-1"]
[WhiteElo "1772"]
[BlackElo "2136"]
[PlyCount "34"]
[EventDate "2011.08.20"]
[EventType "swiss"]
[EventRounds "9"]
[EventCountry "UKR"]
[SourceTitle "EXT 2014"]
[Source "ChessBase"]
[SourceDate "2013.11.20"]
[SourceVersion "1"]
[SourceVersionDate "2013.11.20"]
[SourceQuality "1"]

1. e4 c6 2. c4 d5 3. exd5 cxd5 4. cxd5 Nf6 5. Nc3 g6 6. g3 Bg7 7. Bg2 0-0 8. Nge2 Bf5 9. d6 Nc6 10. dxe7 Qxe7 11. Bxc6 bxc6 12. 0-0 Bd3 13. Re1 Rfe8 14. b3 Ng4 15. Bb2 Qc5 16. Nd4 Qxd4 17. Qf3 Bf5 0-1

[Event "Geller Memorial op-A 7th"]
[Site "Odessa"]
[Date "2011.08.27"]
[Round "8"]
[White "Solovyev, Artem"]
[Black "Andreev, Volodymyr"]
[Result "1-0"]
[WhiteElo "2136"]
[BlackElo "1919"]
[PlyCount "101"]
[EventDate "2011.08.20"]
[EventType "swiss"]
[EventRounds "9"]
[EventCountry "UKR"]
[SourceTitle "EXT 2014"]
[Source "ChessBase"]
[SourceDate "2013.11.20"]
[SourceVersion "1"]
[SourceVersionDate "2013.11.20"]
[SourceQuality "1"]

1. c4 Nf6 2. Nc3 d6 3. g3 g6 4. Bg2 Bg7 5. d4 0-0 6. Nf3 Nc6 7. 0-0 a6 8. h3 Rb8 9. Be3 e5 10. Rc1 exd4 11. Nxd4 Ne5 12. b3 Re8 13. Qd2 Bd7 14. Bg5 c5 15. Nc2 Qa5 16. Rfd1 Nh5 17. Ne4 Qxd2 18. Rxd2 h6 19. Be3 b6 20. g4 Nf6 21. Nxf6+ Bxf6 22. Rxd6 Be7 23. Rd5 f6 24. f4 Be6 25. fxe5 Bxd5 26. Bxd5+ Kg7 27. exf6+ Bxf6 28. Bf4 Rbc8 29. e4 Be5 30. Bxe5+ Rxe5 31. Rf1 Rf8 32. Rxf8 Kxf8 33. Ne1 Kg7 34. Nd3 Re7 35. e5 a5 36. Kf2 Re8 37. Ke3 g5 38. e6 Kf6 39. Ke4 Rd8 40. Ne5 Re8 41. Nd7+ Ke7 42. Ke5 Rh8 43. Be4 h5 44. Nf6 hxg4 45. Nd5+ Kf8 46. hxg4 Kg7 47. Kd6 a4 48. bxa4 Ra8 49. Nxb6 Rd8+ 50. Nd7 Rh8 51. a5 1-0

[Event "Geller Memorial op-A 7th"]
[Site "Odessa"]
[Date "2011.08.26"]
[Round "7"]
[White "Goreskul, Alyona"]
[Black "Solovyev, Artem"]
[Result "1-0"]
[WhiteElo "2221"]
[BlackElo "2136"]
[PlyCount "97"]
[EventDate "2011.08.20"]
[EventType "swiss"]
[EventRounds "9"]
[EventCountry "UKR"]
[SourceTitle "EXT 2014"]
[Source "ChessBase"]
[SourceDate "2013.11.20"]
[SourceVersion "1"]
[SourceVersionDate "2013.11.20"]
[SourceQuality "1"]

1. e4 c5 2. Nf3 d6 3. d4 cxd4 4. Nxd4 Nf6 5. Nc3 a6 6. Be2 e6 7. 0-0 Be7 8. Be3 0-0 9. a4 Nc6 10. Nb3 Na5 11. f4 Bd7 12. e5 Ne8 13. Ne4 Nxb3 14. cxb3 Bc6 15. Bd3 Qa5 16. exd6 Nxd6 17. Nxd6 Bxd6 18. Qc2 Qh5 19. Rac1 Rac8 20. Qf2 Rfd8 21. Be2 Qd5 22. Bc4 Qe4 23. Rfd1 Bc7 24. Be2 Rxd1+ 25. Bxd1 Ba5 26. Bf3 Qd3 27. Bb6 Bb4 28. Qc2 Qxc2 29. Rxc2 Kf8 30. Rc4 Bd6 31. Kf2 Ke7 32. Ke3 Kd7 33. g3 f6 34. Be4 g6 35. Bd4 e5 36. fxe5 Bxe5 37. Bxe5 fxe5 38. Bxc6+ Rxc6 39. Ke4 Rb6 40. b4 Rd6 41. b3 h5 42. h4 Rc6 43. a5 Ke6 44. b5 Rxc4+ 45. bxc4 Kd6 46. b6 Ke6 47. c5 Kd7 48. Kxe5 Kc6 49. Kd4 1-0

[Event "Myrhorod op"]
[Site "Myrhorod"]
[Date "2011.07.10"]
[Round "3"]
[White "Solovyev, Artem"]
[Black "Golubka, Petr"]
[Result "1/2-1/2"]
[WhiteElo "2136"]
[BlackElo "2409"]
[PlyCount "115"]
[EventDate "2011.07.09"]
[EventType "swiss"]
[EventRounds "9"]
[EventCountry "UKR"]
[SourceTitle "CBM 143 Extra"]
[Source "ChessBase"]
[SourceDate "2011.08.29"]
[SourceVersion "1"]
[SourceVersionDate "2011.08.29"]
[SourceQuality "1"]

1. c4 e5 2. Nc3 Nc6 3. g3 Nf6 4. Bg2 Bb4 5. Nd5 Bc5 6. e3 0-0 7. Ne2 Re8 8. 0-0 h6 9. a3 a5 10. Nec3 Nxd5 11. cxd5 Ne7 12. Ne4 d6 13. d4 exd4 14. Nxc5 dxc5 15. exd4 c4 16. Qa4 Qd7 17. Qxc4 b5 18. Qc5 Bb7 19. Bd2 Bxd5 20. Bxd5 Nxd5 21. Rfe1 a4 22. Rac1 Rxe1+ 23. Bxe1 Re8 24. Ba5 Re2 25. Rc2 Rxc2 26. Qxc2 c6 27. b3 axb3 28. Qxb3 Qe8 29. Qc2 h5 30. h4 Qe6 31. Qd1 Qg4 32. Qc2 Qd7 33. Qd1 g6 34. Qc2 Kg7 35. Qc1 Nf6 36. Qc2 Nd5 37. Qc1 f6 38. Qc2 Kf7 39. Bd2 Ne7 40. Bb4 Nf5 41. Bc5 Qd5 42. Qe2 Qe6 43. Qf3 Ng7 44. Qf4 Qe1+ 45. Kg2 Ne6 46. Qd6 Qe4+ 47. Kg1 Nxc5 48. Qxc5 Ke6 49. Kf1 Qd5 50. Qc3 g5 51. hxg5 Qh1+ 52. Ke2 Qe4+ 53. Kf1 fxg5 54. Qb3+ Qd5 55. Qe3+ Kf6 56. Qe8 g4 57. Qe3 Kf5 58. Ke2 1/2-1/2

[Event "Zaporozhye Ermak Cup 7th"]
[Site "Zaporozhye"]
[Date "2011.06.30"]
[Round "8"]
[White "Solovyev, Artem"]
[Black "Nasirov, Ruslan"]
[Result "1-0"]
[WhiteElo "2120"]
[BlackElo "1917"]
[PlyCount "57"]
[EventDate "2011.06.25"]
[EventType "swiss"]
[EventRounds "9"]
[EventCountry "UKR"]
[SourceTitle "CBM 143 Extra"]
[Source "ChessBase"]
[SourceDate "2011.08.29"]
[SourceVersion "1"]
[SourceVersionDate "2011.08.29"]
[SourceQuality "1"]

1. c4 c5 2. Nc3 Nc6 3. g3 g6 4. Bg2 Bg7 5. e3 d6 6. Nge2 e5 7. d3 Be6 8. a3 Nge7 9. Rb1 d5 10. cxd5 Nxd5 11. Ne4 b6 12. Qa4 Rc8 13. b4 cxb4 14. axb4 f5 15. Nd2 0-0 16. Ba3 Rf7 17. Rc1 Rfc7 18. 0-0 Nde7 19. Rc3 Nd5 20. Rc2 Nxe3 21. fxe3 Qxd3 22. Nc1 Qxe3+ 23. Kh1 b5 24. Qa6 Bd7 25. Qxb5 Nd4 26. Qd5+ Kh8 27. Rxc7 Rxc7 28. Nc4 Qc3 29. Nxe5 1-0

[Event "Zaporozhye Ermak Cup 7th"]
[Site "Zaporozhye"]
[Date "2011.06.25"]
[Round "1"]
[White "Matjushin, Gennady"]
[Black "Solovyev, Artem"]
[Result "0-1"]
[WhiteElo "2477"]
[BlackElo "2120"]
[PlyCount "98"]
[EventDate "2011.06.25"]
[EventType "swiss"]
[EventRounds "9"]
[EventCountry "UKR"]
[SourceTitle "CBM 143 Extra"]
[Source "ChessBase"]
[SourceDate "2011.08.29"]
[SourceVersion "1"]
[SourceVersionDate "2011.08.29"]
[SourceQuality "1"]

1. c4 e6 2. Nf3 Nf6 3. g3 d5 4. Bg2 Be7 5. d4 0-0 6. Qc2 Nbd7 7. 0-0 c6 8. Nbd2 b6 9. e4 dxe4 10. Nxe4 Bb7 11. Rd1 Qc8 12. Nxf6+ Nxf6 13. c5 b5 14. a4 a5 15. Bd2 b4 16. Ne5 Nd5 17. Be4 h6 18. Re1 Ba6 19. Qb3 Qb7 20. Rad1 Rad8 21. Bc1 f5 22. Bg2 Bf6 23. Ng6 Rfe8 24. h4 Kh7 25. h5 Qf7 26. Qf3 Bc8 27. Bf1 Kg8 28. Bc4 Kh7 29. Kh2 Kg8 30. Rg1 Kh7 31. Ne5 Bxe5 32. dxe5 Rf8 33. Kh1 Qe7 34. Be3 Bd7 35. Rd4 Be8 36. Rh4 Kh8 37. Rh2 Bf7 38. Bd4 Bg8 39. Rh4 Qg5 40. Qe2 f4 41. Bd3 Ne7 42. Rxf4 Rxf4 43. Be3 Qg4 44. Qf1 Rxd3 45. Bxf4 Rd1 46. Qg2 Qxh5+ 47. Qh2 Rxg1+ 48. Kxg1 Qd1+ 49. Kg2 Bh7 0-1

[Event "UKR-ch sf"]
[Site "Alushta"]
[Date "2011.05.10"]
[Round "8"]
[White "Solovyev, Artem"]
[Black "Podolsky, Anton"]
[Result "0-1"]
[WhiteElo "2120"]
[BlackElo "2244"]
[PlyCount "118"]
[EventDate "2011.05.03"]
[EventType "swiss"]
[EventRounds "9"]
[EventCountry "UKR"]
[SourceTitle "CBM 142 Extra"]
[Source "ChessBase"]
[SourceDate "2011.06.27"]
[SourceVersion "1"]
[SourceVersionDate "2011.06.27"]
[SourceQuality "1"]

1. e4 e6 2. d4 d5 3. e5 c5 4. c3 Nc6 5. Nf3 Bd7 6. a3 Qc7 7. b4 c4 8. h4 0-0-0 9. g3 Nge7 10. Bh3 f6 11. 0-0 h6 12. a4 f5 13. Re1 Be8 14. Bf1 Rg8 15. Na3 Ng6 16. Rb1 Qf7 17. Be2 f4 18. Nh2 fxg3 19. fxg3 Nge7 20. Rf1 Qg6 21. Bf4 Nf5 22. h5 Qh7 23. g4 g5 24. Bd2 Ng3 25. Rf6 Be7 26. Rf3 Ne4 27. Be1 Bd7 28. Nf1 Rdf8 29. Ng3 Rf4 30. Nxe4 Qxe4 31. Rxf4 gxf4 32. Bf2 a5 33. Bf3 Qh7 34. Nc2 Nxb4 35. Nxb4 axb4 36. cxb4 Bxa4 37. Qc1 Qd3 38. Kg2 b5 39. Qf1 Qd2 40. Qe1 Qd3 41. Qf1 Qxf1+ 42. Kxf1 Bc2 43. Ra1 Kb7 44. Be1 Rc8 45. Bc3 Bd3+ 46. Kg2 Bh4 47. Kh3 Bf2 48. Kg2 Be3 49. Rh1 Ra8 50. Ra1 Rxa1 51. Bxa1 Bd2 52. g5 hxg5 53. Bg4 c3 54. Bxe6 Kc6 55. Bf7 c2 56. Bb2 Bc3 57. Bc1 Bxd4 58. e6 Kd6 59. Kf3 Be3 0-1

[Event "UKR-ch sf"]
[Site "Alushta"]
[Date "2011.05.09"]
[Round "7"]
[White "Borisenko, Viacheslav"]
[Black "Solovyev, Artem"]
[Result "1-0"]
[WhiteElo "2302"]
[BlackElo "2120"]
[PlyCount "83"]
[EventDate "2011.05.03"]
[EventType "swiss"]
[EventRounds "9"]
[EventCountry "UKR"]
[SourceTitle "CBM 142 Extra"]
[Source "ChessBase"]
[SourceDate "2011.06.27"]
[SourceVersion "1"]
[SourceVersionDate "2011.06.27"]
[SourceQuality "1"]

1. e4 e5 2. Nf3 Nc6 3. Bb5 a6 4. Ba4 Nf6 5. Bxc6 dxc6 6. d3 Bd6 7. Nbd2 Be6 8. h3 h6 9. Nf1 Qe7 10. Bd2 0-0-0 11. Qe2 Rhe8 12. a3 Nd7 13. Ne3 Nb6 14. c4 Bc5 15. 0-0 Bd4 16. Rab1 g6 17. Nc2 f5 18. Ncxd4 exd4 19. Bxh6 Qh7 20. Bf4 fxe4 21. Ng5 Qg8 22. Nxe4 Bf5 23. f3 g5 24. Bg3 Qg7 25. Rbc1 Nd7 26. Qd2 Ne5 27. Rcd1 Rf8 28. Rde1 Rde8 29. Bxe5 Rxe5 30. Ng3 Bh7 31. Re2 Re3 32. Ne4 Rd8 33. Rff2 Bxe4 34. fxe4 Rg3 35. Kh2 Qe5 36. Rf5 Rxh3+ 37. Kxh3 Qh8+ 38. Kg3 Qh4+ 39. Kf3 g4+ 40. Kf4 g3+ 41. Kf3 Rg8 42. Qf4 1-0

[Event "UKR-ch sf"]
[Site "Alushta"]
[Date "2011.05.08"]
[Round "6"]
[White "Grekh, Andrey"]
[Black "Solovyev, Artem"]
[Result "1-0"]
[WhiteElo "2369"]
[BlackElo "2120"]
[PlyCount "33"]
[EventDate "2011.05.03"]
[EventType "swiss"]
[EventRounds "9"]
[EventCountry "UKR"]
[SourceTitle "CBM 142 Extra"]
[Source "ChessBase"]
[SourceDate "2011.06.27"]
[SourceVersion "1"]
[SourceVersionDate "2011.06.27"]
[SourceQuality "1"]

1. e4 Nf6 2. e5 Nd5 3. Nf3 d6 4. exd6 exd6 5. d4 Be7 6. c4 Nb6 7. Bd3 Bg4 8. Be3 Nc6 9. Nbd2 Bh5 10. 0-0 0-0 11. Qc2 Bg6 12. Bxg6 hxg6 13. d5 Nb4 14. Qc3 a5 15. a3 Bf6 16. Bd4 Na4 17. Qb3 1-0

[Event "UKR-ch sf"]
[Site "Alushta"]
[Date "2011.05.07"]
[Round "5"]
[White "Solovyev, Artem"]
[Black "Romanchuk, Viktor"]
[Result "1-0"]
[WhiteElo "2120"]
[BlackElo "2314"]
[PlyCount "61"]
[EventDate "2011.05.03"]
[EventType "swiss"]
[EventRounds "9"]
[EventCountry "UKR"]
[SourceTitle "CBM 142 Extra"]
[Source "ChessBase"]
[SourceDate "2011.06.27"]
[SourceVersion "1"]
[SourceVersionDate "2011.06.27"]
[SourceQuality "1"]

1. e4 e6 2. d4 d5 3. e5 c5 4. c3 Nc6 5. Nf3 Bd7 6. a3 Rc8 7. b4 cxd4 8. cxd4 Qb6 9. Be3 Nh6 10. Bd3 Ng4 11. 0-0 Be7 12. Nbd2 Nxe3 13. fxe3 Nd8 14. Nb3 Ba4 15. Qb1 Rc3 16. Nc5 Bb5 17. Rd1 Bxd3 18. Rxd3 Rxd3 19. Qxd3 a5 20. Na4 Qc6 21. b5 Qc7 22. Qd2 0-0 23. Rc1 Qb8 24. Qxa5 Bxa3 25. Rc3 Be7 26. Nb6 f6 27. Nd7 b6 28. Qa6 Qb7 29. Nxf8 Kxf8 30. Qxb7 Nxb7 31. Rc8+ 1-0